000 01265cam a2200217 4500
001 WB3916-03
008 030429n2003 000 0 eng u
035 _a(Sirsi) u122125
245 _aSelf-certification schemes examined
260 _c2003
490 _aRICS Building Surveying Faculty News
_v 28 April 2003, (1)
520 _aGovernment has published a document: 'Competent persons self-certification schemes under the Building Regulations'. There are hopes that moves towards self-certification will significantly increase building regulation compliance, reduce the costs for firms joining recognised schemes and promote training and competence in the industry. Competent person schemes were introduced to allow individuals and businesses to self-certify their work as complying with the Building Regulations as an alternative to submitting a building notice. For the RICS News item: http://www.rics.org/ricscms/bin/show?class=News&template=/includes/shownews.html&id=5594
590 _aWB
650 _aSELF CERTIFICATION SCHEMES
650 _aCOMPETENT PERSON SCHEMES
650 _aBUILDING REGULATIONS
_96224
650 _aLOCAL AUTHORITY INSPECTION
650 _aCOWBOY BUILDERS
690 _aBUILT ENVIRONMENT-BUILDING STANDARDS
942 _n0
999 _c72574
_d72574